[Event "Mechanics' Bedjanian TNM; G/2 d/5"]
[Site "San Francisco"]
[Date "2018.12.04"]
[Round "7.14"]
[White "Poling, Scott E"]
[Black "Perlov, Alexander"]
[Result "0-1"]
[WhiteElo "1823"]
[BlackElo "1689"]
[Annotator "Winslow,Elliott"]
[PlyCount "88"]
[EventDate "2018.??.??"]
[Source "ChessBase"]
[SourceDate "2007.09.04"]

1. d4 Nf6 2. c4 e6 3. Nc3 Bb4 4. Qc2 O-O 5. a3 Bxc3+ 6. Qxc3 b5 $5 {Not as popu
lar, but it actually has a plus score. I find it hard to believe, but am
concerned about facing it. Black gets every which sort of compensation for the
pawn, Quite an array of strong players have occasioned it.} (6... b6) (6... d6)
(6... Ne4) 7. Bg5 (7. cxb5 c6 (7... a6 8. e3 d6 9. Nf3 Bb7 10. bxa6 Nxa6 11.
Be2 c5 12. O-O Rc8 13. Bd2 cxd4 14. Qxd4 Nc5 15. Qh4 Nce4 16. Bc1 Rc5 17. Nd4
g5 18. Qh3 g4 19. Bxg4 Nxg4 20. Qxg4+ Rg5 21. Qh3 Kh8 22. f3 Rfg8 23. g4 R5g6
24. Qh5 Nf6 25. Qb5 Nxg4 26. fxg4 Qh4 {
0-1 (26) Gavrikov,V (2430)-Vitolinsh,A (2470) Severodonetsk 1982}) (7... Nd5 8.
Qc2 f5 9. Nf3 a6 (9... c6 10. a4 Bb7 11. e3 cxb5 12. Bxb5 Rf6 13. O-O Rg6 14.
Be2 Nc6 15. Bd2 Qf6 16. Rfc1 Rf8 17. Qb3 Ba8 18. Qa3 Qf7 19. b4 Qe8 20. b5 Nce7
21. Ne5 Nc3 22. Bf1 Ne2+ 23. Bxe2 Rxg2+ 24. Kf1 Rxh2 25. Bf3 Ng6 26. Qd6 f4 27.
e4 Nxe5 28. Qxe5 Rh3 29. Bb4 Rf6 30. Qc7 Kf7 31. Qc8 Qxc8 32. Rxc8 {
1-0 (32) Gelfand,B (2590)-Adams,M (2505) Palma de Mallorca 1989}) 10. e3 Bb7
11. Bd2 Qf6 12. bxa6 Nxa6 13. Be2 Qg6 14. O-O Nf6 15. Ne1 h5 16. b4 h4 17. b5
Be4 18. Qc1 Nb8 19. Qxc7 Nh5 20. a4 Qg5 21. Bxh5 Qxh5 22. f3 Bd5 23. a5 g5 24.
a6 g4 25. a7 gxf3 26. Nxf3 {
1-0 (26) Tozer, R (2290)-Carton,N (2205) Oakham 1990}) 8. bxc6 (8. a4 Bb7 9.
Bg5 cxb5 10. axb5 a6 11. Bxf6 Qxf6 12. e3 Rc8 13. Qd2 axb5 14. Rxa8 Bxa8 15. f3
e5 16. dxe5 Qxe5 17. Bd3 Na6 18. Ne2 Nc5 19. Bb1 Re8 {
1/2-1/2 (19) Arlandi,E (2315)-Adler,J Kiljava 1984}) (8. Bg5 cxb5 9. e3 Bb7 10.
Nf3 h6 (10... a6 11. Be2 d6 12. Bxf6 gxf6 13. O-O Nd7 14. a4 bxa4 15. Rxa4 Nb6
16. Ra5 Rc8 17. Qb4 Nd5 18. Qa3 Qb6 19. Bxa6 Ra8 20. Ra1 Bxa6 21. Rxa6 Rxa6 22.
Qxa6 Qxb2 23. Re1 Qb4 24. e4 Nf4 25. Re3 d5 26. e5 Qb1+ 27. Qf1 Qxf1+ 28. Kxf1
f5 29. g3 Ng6 30. Rc3 Ra8 31. Rc7 h6 32. Ne1 f4 33. Ke2 Ra2+ 34. Nc2 Rb2 35.
Kf3 fxg3 36. hxg3 h5 37. Kg2 Kf8 38. Kh3 Rb3 39. Kg2 Rb2 40. Rc3 Kg7 41. Rc7
Rb3 42. Ne1 h4 43. Ra7 Rc3 44. Rb7 Ra3 45. Rc7 Kf8 46. Rc8+ Kg7 47. Rc7 Rb3 48.
Ra7 Rc3 49. Rb7 Kf8 50. Rb8+ Ke7 51. Rb7+ Ke8 52. Rb8+ Kd7 53. Rb7+ Ke8 54.
Rb8+ Kd7 55. Rb7+ Rc7 56. Rxc7+ Kxc7 57. Nf3 hxg3 58. fxg3 Kd7 59. Kf2 Ke8 60.
Ke3 Kf8 61. g4 Kg7 62. Kf2 Kf8 63. Kg3 {
1/2-1/2 (63) Djukic,Z (2405)-Dizdar,G (2495) Zlatibor 1989}) 11. Bxf6 (11. Bh4
a6 12. Bd3 Nc6 13. O-O Na5 14. Bxf6 gxf6 15. e4 Kg7 $10 {
Thorsteins,K-Adorjan, A/Akureyri/1988/ ->CBM 08} 16. Rae1 Rg8 17. Qc1 Rc8 18.
Qf4 Qc7 19. Qh4 Nc4 20. Re2 Qd8 21. Qf4 Qc7 22. Qh4 Qd8 23. Qf4 Qc7 {
1/2-1/2 (23) Thorsteins,K (2440) -Adorjan,A (2540) Akureyri 1988}) 11... Qxf6
12. Rc1 (12. Qc7 Bxf3 13. gxf3 Nc6 14. Qxd7 Qxf3 15. Rg1 Rad8 16. Qc7 Rc8 17.
Qg3 Qf6 18. Bxb5 Rfd8 19. Kf1 Nxd4 20. exd4 Rc2 21. Rd1 Rxb2 22. Be2 Rd5 23.
Qc3 Rb8 24. Bf3 Rf5 25. Rg3 h5 26. Kg2 Rd8 27. Qe3 h4 28. Rg4 h3+ 29. Kg3 e5
30. Be4 exd4 31. Rxd4 Re8 32. f4 Ra5 33. a4 Qe7 34. Qc3 Qf6 35. Qc6 Qe7 36. Qc3
Qf6 37. Qc7 Qxd4 38. Qxa5 Rxe4 39. Kxh3 Qd3+ 40. Kh4 Re6 41. Rg3 {
0-1 (41) Djukic,Z (2410)-Kengis,E (2500) Pula 1990}) (12. Be2 Qg6 13. Qc7 Bd5
14. O-O Nc6 15. Rac1 Rac8 16. Qd6 f5 17. Rc5 Kh7 18. Rfc1 f4 19. Nh4 Qf6 20.
Bd3+ Kg8 21. e4 Ba2 22. Nf3 Rcd8 23. Rxb5 e5 24. Qxf6 gxf6 25. dxe5 fxe5 26.
Nxe5 Nd4 27. Rb7 f3 28. Nxf3 Nxf3+ 29. gxf3 Rxf3 30. Rc3 Be6 31. Be2 Rf4 32.
Rxa7 Kh8 33. Rac7 Rxe4 34. Rc8 Rxc8 35. Rxc8+ Kg7 36. Bf3 Re1+ 37. Kg2 Rb1 38.
Rc2 Kf6 39. Rd2 Bf5 40. a4 Ra1 41. Bd1 Ke5 42. Kf3 d5 43. Ke3 Rc1 44. f4+ Kd6
45. Bf3 Be6 46. Rd4 Rc2 47. Rb4 Bd7 48. Rb6+ Kc5 49. a5 Rxh2 50. b4+ Kc4 51.
Rd6 Bb5 52. f5 Kxb4 53. f6 Be8 54. a6 Bg6 55. a7 Ra2 56. Rd7 Ra3+ 57. Kd4 {
1-0 (57) Hjartarson,J (2415)-Arnason,J (2500) Reykjavik 1984}) 12... Na6 13.
Bxb5 Rac8 14. Qd2 Qg6 $10 {
Olafsson,H-Seirawan, Y/Reykjavik Summit/1990/ ->CBM 18} 15. Be2 Rxc1+ 16. Qxc1
Rc8 17. Qd1 Qxg2 18. Rg1 Qh3 19. Rg3 Qf5 20. Ne5 Qc2 21. Qxc2 Rxc2 22. Nd3 d6
23. Kd1 Rc8 24. Kd2 Nc7 {
1/2-1/2 (24) Olafsson,H (2575)-Seirawan,Y (2595) Reykjavik 1990}) (8. e3 $5 Bb7
(8... cxb5 9. Bxb5 Bb7 (9... Ne4 10. Qb3 (10. Qb4 a5 11. Qa4 Bb7 12. Nf3 f5 13.
O-O Rf6 14. Nd2 Rg6 {0-1 (31) Rantanen,Y (2405)-Raaste,E (2380) Helsinki 1990})
(10. Qd3 Nd6 11. a4 a6 12. Bc4 Qg5 13. g3 Nxc4 14. Qxc4 a5 15. h4 Qf5 16. Qe2
Nc6 17. e4 Qf6 18. e5 Qe7 19. Qd2 Bb7 20. f3 f6 21. b3 fxe5 22. Ba3 d6 23. dxe5
Nxe5 24. Bxd6 Qf6 {0-1 (24) Andruet,G (2360)-Pira,D (2330) Montpellier 1989})
10... Na6 (10... Qh4 11. Qc2 Bb7 12. Bd3 f5 13. Nf3 {
1-0 (33) Videki,S (2445)-Rechmann,P (2168) St Ingbert 1988}) 11. Qa4 Qb6 12. f3
Nf6 13. Ne2 Rb8 {1/2-1/2 (27) Sanna,G (2315)-Toth,B (2395) Nuoro 1984}) 10. f3
Nc6 11. Ne2 Nd5 12. Qd3 Rc8 13. O-O Qb6 14. Bd2 {
1-0 (31) Arlandi,E (2390) -Pantaleoni,C (2245) Chianciano 1989}) 9. f3 (9. Nf3
cxb5 10. Bxb5 Ne4 11. Qb3 (11. Qb4 Nc6 12. Qa4 Rb8 13. Bd3 Ng5 14. Nd2 f5 15.
f4 Nf7 16. O-O a5 17. Nf3 Ne7 18. Bd2 Bxf3 19. Bxa5 Rxb2 20. Bxd8 Rxg2+ 21. Kh1
Rf2+ 22. Kg1 Rg2+ {1/2-1/2 (22) Oei,H-Akesson,R Caorle 1984}) 11... Nc6 12. Bd3
Na5 13. Qd1 Bd5 14. O-O Qb6 {
1/2-1/2 (56) Nielsen,P (2280)-Bergsson,S (2230) Gausdal 1990}) 9... d6 10. Bd3
Qb6 11. a4 cxb5 12. axb5 Rc8 13. Qd2 a6 {
0-1 (39) Paldanius,P (2280)-Sassi,P Helsinki 1989}) (8. f3 Nd5 9. Qd2 (9. Qd3
f5 10. e4 Nb6 (10... Nc7 11. Nh3 cxb5 12. Bg5 Qe8 13. Bf4 fxe4 14. fxe4 Qd8 15.
Qg3 Nba6 16. Bd3 Ne8 17. O-O Nf6 18. Bd6 Re8 19. e5 Nd5 20. Ng5 g6 21. Nxh7 {
1-0 (21) Janjgava,L (2455)-Lalic,S (2270) London 1990}) 11. exf5 Rxf5 12. Qe4
cxb5 {1/2-1/2 (60) Miles,A (2520)-Gurevich,D (2480) New York 1989}) 9... f5 10.
Nh3 cxb5 11. e3 Nc6 12. Bxb5 Na5 13. Qd3 Rb8 14. b4 Rxb5 15. bxa5 Ba6 16. Bd2
Rb6 17. Qc2 Rc6 18. Qd1 Qh4+ 19. Nf2 Qg5 20. g3 Nxe3 21. Nh3 Qh6 22. Qb3 Ng2+ {
0-1 (22) Mohr,S (2485)-Christiansen,L (2555) Germany 1989}) (8. g3 cxb5 9. Bg2
Nc6 (9... d5 10. Bg5 Bb7 11. Nf3 Nc6 12. Bxf6 Qxf6 {
0-1 (35) Stanciu,G (2255)-Voiska,M (2350) Hajduszoboszlo 1991}) 10. e4 Bb7 11.
Ne2 a5 12. Be3 b4 13. Qd2 d5 {
0-1 (42) Ziegler,A (2275)-Jepson,C (2235) Helsingborg 1991}) 8... Nxc6 9. b4 (
9. Bg5 $5 {(Ftacnik) but} Bb7 10. Nf3 Rc8 11. Qd3 (11. Nd2 h6 12. h4 hxg5 13.
hxg5 Ng4 {0-1 (41) Nemet,I (2395)-Adorjan,A (2530) Biel 1983}) 11... Qb6 12.
Bxf6 gxf6 13. e3 Qxb2 14. Rb1 Qa2 {
0-1 (31) Forintos,G (2450)-Dizdar,G (2455) London 1983}) (9. e3 a5 (9... Bb7
10. b4 (10. f3 Rc8 11. Bd2 Re8 12. Qb3 Ba8 {
0-1 (31) Kahn,E (2240)-Dezelin,M (2350) Budapest 1990}) 10... Rc8 11. Qb2 e5
12. dxe5 Ng4 13. Nf3 Re8 14. Be2 Ncxe5 15. Nxe5 Nxe5 16. O-O Rc6 17. f3 Qc7 18.
Bd2 Rc2 19. Qd4 Nc6 20. Qd3 Ne5 21. Qd4 Nc6 {
1/2-1/2 (21) Wegner,H (2435)-Vonthron,H (2390) Germany 1991}) 10. b3 (10. Bd3
Nb4 11. Ne2 Nxd3+ 12. Qxd3 Ba6 13. Qd1 Qb6 14. O-O Bc4 {
1/2-1/2 (28) Brenninkmeijer,J (2475)-Van der Wiel,J (2550) Hilversum 1990})
10... Bb7 11. Nf3 Qb6 12. Bd3 Rfc8 13. Qd2 Ne7 14. O-O Be4 15. Bxe4 Nxe4 16.
Qd3 f5 {1/2-1/2 (40) Beck,H (2265)-Lukez,F (2325) Eger 1990}) (9. Nf3 Ba6 10.
Bg5 Rc8 11. e3 Qb6 12. Bxf6 gxf6 13. Bxa6 Qxa6 14. Rd1 Na5 15. Qd3 Qxd3 16.
Rxd3 Rc1+ 17. Rd1 {
1/2-1/2 (22) Nordstrom,F (2225)-Clementsson,J (2200) Helsingborg 1991}) 9...
Ba6 $5 {N} (9... Bb7 10. Nf3 Rc8 11. Qb2 Ne7 12. e3 Be4 13. Bd2 Qb6 14. Ne5 Rc2
15. Qb3 Rfc8 {Kouatly-Stangl/Augsburg/1988-89/} 16. Nc4 $1 (16. f3 Bd5 17. Qb1
{1-0 (40) Kouatly,B (2440)-Stangl,M (2360) Augsburg 1988}) 16... Qc6 17. f3
Bxf3 18. gxf3 Qxf3 19. Qxc2 Qxh1 20. Qd3 $16 {(Kouatly)}) 10. Bg5 (10. e3 Bxf1
11. Kxf1 Rc8 $44) 10... h6 11. Bxf6 Qxf6 12. Nf3 Rac8 13. Qb2 (13. e3 Na5 14.
Qb2 Bxf1 15. Kxf1 Nc4 $44) 13... Rc7 14. e3 (14. b5 $2 Bxb5 $1 15. Qxb5 Nxd4
16. Nxd4 Qxd4 17. Rd1 Qc3+ 18. Rd2 Qa1+ 19. Rd1 Rc1 20. Qb3 Rfc8) 14... Bxf1
15. Kxf1 Rfc8 16. Ke2 (16. Rc1 Qg6) 16... Na5 17. Rhc1 Nc4 18. Qc3 (18. Qb3 e5
$132) 18... e5 $1 (18... Na5 19. Qxc7 $16) 19. Qd3 (19. dxe5 Nxe5 (19... Qa6
20. Qd3) 20. Qb2 $1 (20. Qd2 Qa6+ $1) 20... Rxc1 21. Rxc1 Rxc1 22. Qxc1 Qa6+
23. Kd2 Nc4+ 24. Ke1 Nxa3 $10) 19... d6 (19... Nb2 20. Rxc7 Rxc7 21. dxe5) 20.
Nd2 (20. dxe5 dxe5 {/\ Rd8}) (20. d5 Nb2 21. Rxc7 Rxc7 22. Qd2 Qg6) 20... Nxd2
21. Qxd2 exd4 22. exd4 (22. Rxc7 Rxc7 23. exd4 Qh4 24. h3 Qe4+ 25. Kf1 Rc2 $36)
22... Rxc1 23. Rxc1 Rxc1 24. Qxc1 Qxd4 25. Qc8+ Kh7 26. Qf5+ Kg8 {Â1/2-Â1/2 Pol
ugaevsky,L (2610)-Dzindzichashvili,R (2545) Reykjavik 1990 CBM 018 [Ftacnik,L]}
) (7. b3 bxc4 8. bxc4 c5 9. e3 Ne4 10. Qc2 Qa5+ 11. Bd2 Nxd2 12. Qxd2 Qxd2+ 13.
Kxd2 cxd4 14. exd4 Nc6 {1-0 (30) Schroeter, T-Lehmann,Z (2245) Hungary 1991}) (
7. Qf3 c6 8. c5 d6 9. cxd6 Qxd6 10. e3 e5 {
1/2-1/2 (99) Forintos,G (2355)-Zsinka,L (2320) Kecskemet 1987}) 7... bxc4 8.
Qxc4 Ba6 9. Qa4 d6 10. Nf3 Qd7 11. Qa5 Ne4 12. Bf4 c5 13. Rc1 Rc8 14. dxc5 Nxc5
15. Rc3 Nc6 16. Rxc5 Nxa5 17. Rxa5 Bc4 18. Nd2 Qc7 19. b4 e5 20. Bxe5 dxe5 21.
Rc5 Qe7 22. Rxc4 Rxc4 23. Nxc4 Qe6 24. e4 Rc8 25. Ne3 Qa2 26. Be2 Qb1+ 27. Bd1
Qxe4 28. O-O Rc1 29. h3 g6 30. Ng4 Kg7 31. b5 Qd4 32. Ne3 f5 33. Be2 Rxf1+ 34.
Bxf1 Kf6 35. Nc4 Qc5 36. a4 Qb4 37. a5 Qxb5 38. g3 Ke6 39. h4 Qc5 40. a6 f4 41.
Kg2 Qc6+ 42. Kg1 Qc5 43. Kg2 Qd4 44. f3 Qd1 0-1

[Event "Mechanics' Summer TNM; G/2 d/5"]
[Site "San Francisco"]
[Date "2018.06.26"]
[Round "5.23"]
[White "Poling, Scott E"]
[Black "Robertson, Terrance"]
[Result "1-0"]
[WhiteElo "1842"]
[BlackElo "1439"]
[PlyCount "73"]
[EventDate "2018.??.??"]
[Source "ChessBase"]
[SourceDate "2007.09.04"]

1. d4 d5 2. c4 e6 3. Nc3 Nf6 4. cxd5 Nxd5 5. e4 Nxc3 6. bxc3 c5 7. Nf3 cxd4 8.
cxd4 Bb4+ 9. Bd2 Bxd2+ 10. Qxd2 O-O 11. Be2 Nd7 12. e5 h6 13. O-O b6 14. d5 Nc5
15. d6 Bb7 16. Nd4 Qg5 17. Qxg5 hxg5 18. Rfd1 Nd7 19. h4 Nxe5 20. hxg5 Rfd8 21.
Nb5 Ba6 22. a4 Bb7 23. f4 Nd7 24. g6 Nf6 25. gxf7+ Kxf7 26. Rac1 Nd5 27. Rxd5
Bxd5 28. Rc7+ Kf6 29. g4 g5 30. fxg5+ Kxg5 31. d7 Kf4 32. Nd6 Rh8 33. Nf7 Rh1+
34. Kf2 Rh2+ 35. Ke1 Rh1+ 36. Kd2 Bb7 37. Rxb7 1-0

[Event "Mechanics' Winter TNM; G/2 d5"]
[Site "San Francisco"]
[Date "2018.02.06"]
[Round "5.22"]
[White "Poling, Scott E"]
[Black "Starr, Albert"]
[Result "1-0"]
[WhiteElo "1841"]
[BlackElo "1531"]
[PlyCount "85"]
[EventDate "2018.??.??"]
[Source "ChessBase"]
[SourceDate "2007.09.04"]

1. d4 f5 2. Nc3 d5 3. Bg5 Nf6 4. Bxf6 exf6 5. e3 Bb4 6. Bd3 O-O 7. Nge2 c6 8.
O-O Be6 9. a3 Bd6 10. Nf4 Bxf4 11. exf4 Nd7 12. Re1 Re8 13. Qh5 Re7 14. Bxf5 g6
15. Bxe6+ Rxe6 16. Qh3 Rxe1+ 17. Rxe1 f5 18. Qe3 Nf8 19. b4 Kf7 20. Kf1 Qe8 21.
Qe5 Qxe5 22. fxe5 Ne6 23. Ne2 g5 24. c3 Re8 25. g3 b6 26. h4 h6 27. hxg5 hxg5
28. Kg2 c5 29. Rh1 Kg7 30. bxc5 bxc5 31. Rb1 Re7 32. Rb5 Rc7 33. a4 cxd4 34.
Nxd4 Nxd4 35. cxd4 Rc4 36. Rxd5 Rxa4 37. Rd7+ Kf8 38. e6 g4 39. d5 a5 40. d6
Ke8 41. Ra7 Kf8 42. Ra8+ Kg7 43. e7 1-0

[Event "Mechanics' Shipman TNM; G/2 d/5"]
[Site "San Francisco"]
[Date "2018.08.21"]
[Round "3.4"]
[White "Poling, Scott E"]
[Black "Traub, Igor Vladim"]
[Result "0-1"]
[WhiteElo "1856"]
[BlackElo "2165"]
[PlyCount "92"]
[EventDate "2018.??.??"]
[Source "ChessBase"]
[SourceDate "2007.09.04"]

1. d4 Nf6 2. c4 d6 3. Nc3 g6 4. Nf3 Bg7 5. Bg5 O-O 6. Qc2 h6 7. Bh4 Nc6 8. e3
Bf5 9. Qd2 Re8 10. Be2 g5 11. Bg3 e5 12. dxe5 dxe5 13. Rd1 Qe7 14. O-O Ne4 15.
Nxe4 Bxe4 16. Qc1 Bg6 17. Rd2 h5 18. h3 h4 19. Bh2 f5 20. Rfd1 g4 21. Rd7 Qf6
22. Ne1 gxh3 23. gxh3 Rac8 24. Ng2 Nb8 25. R7d2 c5 26. Rd6 Qg5 27. f4 Qh6 28.
Nxh4 Qxh4 29. Rxg6 Kh7 30. Rg5 Bh6 31. Bg3 Bxg5 32. Bxh4 Bxh4 33. Qc2 e4 34.
Rd5 Rg8+ 35. Kf1 Rcf8 36. Rxc5 Nc6 37. Rd5 Rg3 38. Rd7+ Kh6 39. Qc3 Rfg8 40.
Rd6+ Kh7 41. Rd7+ Kh6 42. Rd6+ Kh7 43. Rd7+ Ne7 44. Rxe7+ Bxe7 45. Ke1 Rg1+ 46.
Bf1 R8g2 0-1

[Event "Mechanics' Spring TNM; G/2 d5"]
[Site "San Francisco"]
[Date "2018.04.17"]
[Round "5.13"]
[White "Poling, Scott E"]
[Black "Wong, Russell"]
[Result "0-1"]
[WhiteElo "1870"]
[BlackElo "2200"]
[PlyCount "48"]
[EventDate "2018.??.??"]
[Source "ChessBase"]
[SourceDate "2007.09.04"]

1. d4 f5 2. Nc3 g6 3. e4 d6 4. Bd3 e6 5. Nf3 Bg7 6. Be3 Nf6 7. Qd2 d5 8. exd5
exd5 9. Bh6 O-O 10. Bxg7 Kxg7 11. O-O-O Nc6 12. h4 Ne4 13. Bxe4 fxe4 14. Ne5
Be6 15. h5 g5 16. h6+ Kh8 17. Rh5 Nxe5 18. dxe5 Bg4 19. Rxg5 Bxd1 20. Kxd1 Rxf2
21. Qd4 Rf1+ 22. Ke2 Qxg5 23. Kxf1 Rf8+ 24. Kg1 c6 0-1

[Event "Mechanics' Summer TNM; G/2 d/5"]
[Site "San Francisco"]
[Date "2018.06.12"]
[Round "3.14"]
[White "Porlares, Teodoro"]
[Black "Walters, Kevin"]
[Result "1-0"]
[WhiteElo "1794"]
[BlackElo "1865"]
[Annotator "Winslow,Elliott"]
[PlyCount "119"]
[EventDate "2018.??.??"]
[Source "ChessBase"]
[SourceDate "2007.09.04"]

1. d4 Nf6 2. c4 e5 3. dxe5 Ng4 4. Nf3 Nc6 5. Bf4 Bb4+ 6. Nbd2 Qe7 7. e3 Ngxe5
8. Nxe5 Nxe5 9. Be2 d6 10. O-O O-O 11. a3 Bxd2 12. Qxd2 Bf5 13. f3 Rfe8 14. e4
Ng6 15. Bg3 Bd7 16. b4 Bc6 17. b5 Bd7 18. Rfd1 Be6 19. f4 Nf8 20. Bd3 b6 21. f5
Bc8 22. Re1 Nd7 23. Qf4 Bb7 24. Bf2 Qe5 25. Qd2 Nf6 26. Bg3 Qd4+ 27. Bf2 Nxe4
28. Bxd4 Nxd2 29. Bc3 Nb3 30. Rab1 Nc5 31. Bc2 Be4 32. Bxe4 Nxe4 33. Bb4 Re7
34. Re3 Rae8 35. Rbe1 f6 36. g3 Re5 37. Kg2 Ng5 38. Rxe5 Rxe5 39. Rxe5 fxe5 $6
(39... dxe5 $15) 40. h4 Ne4 41. Kf3 Nf6 42. g4 Kf7 43. g5 Ng8 44. Ke4 Ne7 45.
Bd2 Nc8 46. Be1 Ke7 47. Kd5 Kf7 48. Kc6 Ne7+ 49. Kxc7 Nxf5 50. Bf2 e4 51. Kb7
e3 52. Be1 e2 53. Kxa7 Ne3 54. Kxb6 Nxc4+ $4 (54... Nc2 55. Bf2 Nxa3 56. c5
dxc5 57. Kxc5 Nxb5 58. Kxb5 Kg6 $11) 55. Kc6 $18 Ke6 56. a4 d5 57. b6 Ne5+ 58.
Kc7 Nd7 59. b7 Nc5 60. b8=Q 1-0

[Event "Mechanics' Winter TNM; G/2 d5"]
[Site "San Francisco"]
[Date "2018.01.23"]
[Round "3.14"]
[White "Pryor, Jamieson"]
[Black "Boldi, Ethan"]
[Result "1-0"]
[WhiteElo "1597"]
[BlackElo "1920"]
[PlyCount "120"]
[EventDate "2018.??.??"]
[Source "ChessBase"]
[SourceDate "2007.09.04"]

1. d4 e6 2. c4 Nf6 3. Nc3 d5 4. cxd5 exd5 5. Bg5 Bb4 6. e3 O-O 7. Bd3 Re8 8.
Nge2 Bg4 9. Qb3 Nc6 10. Bxf6 Qxf6 11. O-O Bd6 12. Nxd5 Qh6 13. Ng3 Be6 14. Be4
Bxg3 15. hxg3 Rad8 16. Qb5 Qg5 17. Nxc7 Qxb5 18. Nxb5 Bc4 19. Bxc6 bxc6 20. Nc7
Bxf1 21. Nxe8 Ba6 22. Nc7 Bb7 23. d5 cxd5 24. Nb5 a5 25. Rc1 Ba6 26. Nd4 Ra8
27. Rc5 Bd3 28. Nc6 a4 29. Rxd5 Bc4 30. Ra5 Rxa5 31. Nxa5 Bxa2 32. Kf1 Bd5 33.
f3 g5 34. e4 Ba2 35. Nb7 Kg7 36. Ke2 Bc4+ 37. Ke3 h5 38. f4 g4 39. Nd6 Ba6 40.
Kd4 Bf1 41. Nf5+ Kf6 42. Ne3 Be2 43. Kc3 Bb5 44. Nd5+ Kg7 45. Kb4 Bd3 46. Kxa4
Bxe4 47. Ne3 Kf6 48. Kb4 Ke6 49. Kc5 Kd7 50. Kd4 Ba8 51. Ke5 Ke7 52. Kf5 f6 53.
Kg6 Be4+ 54. f5 Bd3 55. Kxh5 Kd6 56. Kxg4 Ke5 57. Kf3 Be4+ 58. Ke2 Kd4 59. Kd2
Bd3 60. g4 Bb5 1-0

[Event "Mechanics' Spring TNM; G/2 d5"]
[Site "San Francisco"]
[Date "2018.04.10"]
[Round "4.8"]
[White "Pryor, Jamieson"]
[Black "Cortinas, Martin A"]
[Result "0-1"]
[WhiteElo "1984"]
[BlackElo "1692"]
[Annotator "Donaldson"]
[PlyCount "82"]
[EventDate "2018.??.??"]
[Source "ChessBase"]
[SourceDate "2007.09.04"]

1. d4 f5 2. c4 Nf6 3. Nc3 d6 4. d5 e5 5. dxe6 Bxe6 6. g3 g6 7. Bg2 Nc6 8. Nd5
Bg7 9. Nh3 h6 10. Nhf4 Bf7 11. h4 Qd7 12. Rb1 O-O-O 13. b4 Ne4 14. h5 g5 15.
Ng6 Bxg6 16. Bxe4 fxe4 17. hxg6 Rde8 18. Qa4 Nd4 19. Qxa7 Qg4 20. Qa8+ ({
Losing valuable time.} 20. Rb2 $1 {keeping Qa8+ followed by Qxb7 in reserve.})
20... Kd7 21. Qa4+ c6 22. Rb2 Rhf8 23. Be3 Nf3+ 24. exf3 Qxf3 25. Rxh6 Bxh6 26.
Qa7 Rb8 27. Qa4 Bg7 28. Rc2 Rh8 29. Re2 Rh1+ 30. Kd2 Bb2 31. Qa5 cxd5 32. Qb5+
Ke7 33. Bxg5+ Bf6 34. Qxd5 Bxg5+ 35. Qxg5+ Ke8 36. Qd5 Kd7 37. Qb5+ Kc7 38. Qd5
e3+ 39. fxe3 Qxd5+ 40. cxd5 Rg8 41. Rf2 Rxg6 0-1

[Event "Mechanics' Winter TNM; G/2 d5"]
[Site "San Francisco"]
[Date "2018.02.27"]
[Round "8.14"]
[White "Pryor, Jamieson"]
[Black "Nyangar, Enkhmaa"]
[Result "1-0"]
[WhiteElo "1953"]
[BlackElo "1634"]
[Annotator "Donaldson"]
[PlyCount "101"]
[EventDate "2018.??.??"]
[Source "ChessBase"]
[SourceDate "2007.09.04"]

1. d4 d5 2. c4 Nf6 $6 3. cxd5 Nxd5 4. e4 {Diagram [#]} (4. Nf3 $1) 4... Nb6 (
4... Nf6 5. Nc3 e5 $1) 5. Nc3 Nc6 6. Be3 g6 7. Bb5 Bd7 8. Nf3 a6 9. Be2 Bg7 10.
h3 f5 11. e5 e6 12. Qd2 Nb4 13. Bg5 Qc8 14. O-O h6 15. Bh4 g5 16. Bg3 f4 17.
Bh2 N4d5 18. Ne4 Qd8 19. Nc5 Rb8 20. Rfc1 Qe7 21. a4 Bc6 22. b4 Nd7 23. b5 Nxc5
24. dxc5 axb5 25. axb5 Bd7 26. c6 bxc6 27. bxc6 Bc8 28. Bc4 Nb4 29. Qe2 Kf7 30.
Qe4 Rd8 31. h4 Nd5 32. Bd3 Kf8 33. hxg5 hxg5 34. Qg6 Nb4 35. Be4 Rb5 36. Nxg5
Rxe5 37. Bxf4 Rxe4 38. Nxe4 Bxa1 39. Rxa1 Qf7 40. Bh6+ Ke8 41. Nf6+ Ke7 42. Qg3
Nxc6 43. Qxc7+ Bd7 44. Nxd7 Rxd7 45. Qxc6 Qe8 46. Qc5+ Kf7 47. Qh5+ Ke7 48.
Bg5+ Kf8 49. Qh8+ Kf7 50. Qh7+ Kf8 51. Bh6+ 1-0

[Event "Mechanics' Spring TNM; G/2 d5"]
[Site "San Francisco"]
[Date "2018.05.01"]
[Round "7.10"]
[White "Pryor, Jamieson"]
[Black "Ochoa, Jason"]
[Result "1-0"]
[WhiteElo "1984"]
[BlackElo "1800"]
[PlyCount "87"]
[EventDate "2018.??.??"]
[Source "ChessBase"]
[SourceDate "2007.09.04"]

1. d4 Nf6 2. c4 e6 3. Nc3 c5 4. d5 exd5 5. cxd5 d6 6. Nf3 g6 7. g3 Bg7 8. Bg2
O-O 9. O-O a6 10. a4 Re8 11. Nd2 Nbd7 12. Nc4 Ne5 13. Na3 b6 14. f4 Neg4 15.
Nc4 Bd7 16. Nxd6 Ne3 17. Bxe3 Rxe3 18. Nc4 Ng4 19. Nxe3 Nxe3 20. Qd3 Bf5 21.
Be4 Bxe4 22. Qxe4 Qd7 23. Rfd1 Re8 24. Qf3 b5 25. axb5 axb5 26. Rd3 b4 27. Ne4
Bxb2 28. Ra2 f5 29. Nxc5 Qc7 30. Ne6 Qc1+ 31. Kf2 Ng4+ 32. Kg2 Bc3 33. d6 Rxe6
34. Qa8+ Kg7 35. Ra7+ Kh6 36. Qf8+ Bg7 37. Qxg7+ Kh5 38. Qxh7+ Nh6 {[#]} 39.
g4+ $1 fxg4 40. Ra5+ g5 41. Rxg5+ Kh4 42. Re5 $1 Rf6 43. Rdd5 g3 44. hxg3+ 1-0

[Event "Mechanics' Winter TNM; G/2 d5"]
[Site "San Francisco"]
[Date "2018.02.06"]
[Round "5.6"]
[White "Pryor, Jamieson"]
[Black "Wong, Russell"]
[Result "1-0"]
[WhiteElo "1953"]
[BlackElo "2200"]
[PlyCount "77"]
[EventDate "2018.??.??"]
[Source "ChessBase"]
[SourceDate "2007.09.04"]

1. d4 Nf6 2. c4 e6 3. Nc3 Bb4 4. e3 c5 5. a3 Bxc3+ 6. bxc3 O-O 7. Bd3 d6 8. Ne2
Nc6 9. O-O e5 10. Ng3 Re8 11. d5 Ne7 12. e4 Ng6 13. Ra2 Nf4 14. Ne2 N6h5 15. g3
Nh3+ 16. Kg2 Ng5 17. Ng1 Nf4+ 18. gxf4 exf4 19. f3 (19. Bxf4) 19... Qf6 20. h4
Re5 21. hxg5 Rxg5+ 22. Kf2 Qg6 23. Ne2 Bh3 24. Nxf4 Rg2+ 25. Ke1 Qg3+ 26. Raf2
Rh2 27. Nxh3 Rxh3 28. Qe2 Re8 29. Kd1 Qe5 30. Kc2 Qe7 31. Rh2 Rxh2 32. Qxh2 Qd7
33. Bf4 Qa4+ 34. Kb2 b5 35. Qc2 Qa5 36. cxb5 Qc7 37. c4 a6 38. a4 axb5 39. axb5
1-0

[Event "Mechanics' Spring TNM; G/2 d5"]
[Site "San Francisco"]
[Date "2018.03.27"]
[Round "2"]
[White "Pryor, Jamison"]
[Black "Patel, Anuj"]
[Result "1-0"]
[WhiteElo "1984"]
[BlackElo "1967"]
[PlyCount "38"]
[EventDate "2018.??.??"]
[Source "ChessBase"]
[SourceDate "2007.09.04"]

1. d4 Nf6 2. c4 e6 3. Nc3 d5 4. cxd5 exd5 5. Bg5 Nbd7 6. e3 Be7 7. Bd3 h6 8.
Bh4 O-O 9. Nge2 b6 10. O-O Bb7 11. Rc1 c5 12. Re1 Re8 13. h3 a6 14. Bg3 Nf8 15.
Nf4 Ne6 16. Nxe6 fxe6 17. Be5 Nd7 18. f4 Nxe5 19. fxe5 Bg5 {
White later won. Remaining moves unavailable.} 1-0

[Event "Mechanics' Summer TNM; G/2 d5"]
[Site "San Francisco"]
[Date "2018.06.26"]
[Round "5.16"]
[White "Quang, Danny"]
[Black "Drane, Robert Will"]
[Result "1/2-1/2"]
[WhiteElo "1697"]
[BlackElo "1800"]
[PlyCount "109"]
[EventDate "2018.??.??"]
[Source "ChessBase"]
[SourceDate "2007.09.04"]

1. d4 f5 2. c4 Nf6 3. Nf3 e6 4. g3 Be7 5. Bg2 O-O 6. Nc3 d6 7. O-O a5 8. Bg5
Ne4 9. Bxe7 Qxe7 10. Qc2 Nxc3 11. bxc3 e5 12. e3 Nd7 13. Nd2 c6 14. a4 Nf6 15.
Rfe1 Ng4 16. f3 Nh6 17. Nb3 Be6 18. Nd2 Bf7 19. Qd3 Rad8 20. Qe2 Rde8 21. Rab1
Bh5 22. Qd3 Bg6 23. f4 Rf6 24. Nb3 Qc7 25. Qf1 Rfe6 26. h3 Bf7 27. Nd2 R6e7 28.
Kh2 c5 29. Rxb7 Qc8 30. Rxe7 Rxe7 31. d5 e4 32. Rb1 Be8 33. Qd1 Rb7 34. Rxb7
Qxb7 35. Qb3 Qxb3 36. Nxb3 Bxa4 37. Nxa5 Kf7 38. Bf1 Ke7 39. Be2 Kd7 40. g4 Kc7
41. Kg2 Kb6 42. Nc6 Bxc6 43. dxc6 Kxc6 44. Kf2 Kd7 45. Ke1 g6 46. Kd2 Ke7 47.
Ke1 Ke6 48. Kf2 fxg4 49. hxg4 Nf7 50. Bd1 Nd8 51. Bc2 d5 52. cxd5+ Kxd5 53. c4+
Kxc4 54. Bxe4 Ne6 55. f5 {and in a few} 1/2-1/2